[Event "Ct. Catalunya Veterans"]
[Site "?"]
[Date "2011.05.14"]
[Round "2"]
[White "Montell Zabay, A."]
[Black "Garriga Nualart, J."]
[Result "1-0"]
[WhiteElo "2074"]
[BlackElo "2329"]
[PlyCount "73"]
[EventDate "2011.??.??"]
[EventType "swiss"]

1. e4 e6 2. d4 d5 3. Nc3 Bb4 4. e5 c5 5. a3 Bxc3+ 6. bxc3 Qc7 7. Nf3 Bd7 8. a4
Qa5 9. Bd2 c4 10. h4 Bxa4 11. h5 h6 12. Nh4 Ne7 13. Qg4 Rg8 14. f4 Qb5 15. Kd1
Qd7 16. g3 Bb5 17. Bh3 Qc8 18. Qf3 Bd7 19. g4 g6 20. Ke2 Nbc6 21. Rhf1 Qc7 22.
f5 Nxe5 23. dxe5 Qxe5+ 24. Kd1 exf5 25. Bxh6 fxg4 26. Qxf7+ Kd8 27. Nxg6 Rxg6
28. hxg6 Be8 29. Qf4 Nxg6 30. Qxe5 Nxe5 31. Bf4 gxh3 32. Bxe5 Ke7 33. Rh1 Bh5+
34. Kd2 Bg4 35. Rag1 Bf5 36. Rg7+ Kf8 37. Rhg1 1-0

[Event "Ct. Catalunya Veterans"]
[Site "?"]
[Date "2011.05.14"]
[Round "2"]
[White "Navarro Alvarez, A."]
[Black "Bautista Sanchez, J."]
[Result "0-1"]
[WhiteElo "2049"]
[BlackElo "2180"]
[PlyCount "74"]
[EventDate "2011.??.??"]
[EventType "swiss"]

1. e4 c6 2. Nf3 d5 3. e5 Bg4 4. h3 Bxf3 5. Qxf3 e6 6. d4 Nd7 7. Bd3 c5 8. c3
Qb6 9. O-O Ne7 10. dxc5 Qxc5 11. Bf4 Ng6 12. Nd2 Ngxe5 13. Qe2 Nxd3 14. Qxd3
Be7 15. Qg3 O-O 16. Rad1 Rfd8 17. Rfe1 Rac8 18. Nf3 Qb6 19. Nd4 Bf6 20. Nb3 Qa6
21. Nc1 Nc5 22. Be3 Ne4 23. Qg4 Rc4 24. Bd4 Bxd4 25. cxd4 Rdc8 26. f3 Nf6 27.
Qh4 Rc2 28. b3 Qa3 29. Qg5 h6 30. Qf4 Nh5 31. Qe5 Rxc1 32. Qxh5 Rxd1 33. Rxd1
Qxa2 34. Qg4 Qxb3 35. Re1 Qb6 36. Qf4 a5 37. g4 Qc7 0-1

[Event "Ct. Catalunya Veterans"]
[Site "?"]
[Date "2011.05.15"]
[Round "3"]
[White "Batalla Batalla, J."]
[Black "Coll Enriquez, L."]
[Result "0-1"]
[WhiteElo "2111"]
[BlackElo "2182"]
[PlyCount "126"]
[EventDate "2011.??.??"]
[EventType "swiss"]

1. e4 d5 2. exd5 Qxd5 3. Nc3 Qd6 4. d4 Nf6 5. Nf3 Bg4 6. Be2 a6 7. O-O Nc6 8.
Be3 e6 9. Re1 Be7 10. Qd2 Rd8 11. Rad1 O-O 12. a3 Bf5 13. Bf4 Qd7 14. Ne5 Nxe5
15. Bxe5 c5 16. Qc1 cxd4 17. Bxd4 Qc7 18. Bf3 Ng4 19. Bxg4 Bxg4 20. f3 Bf5 21.
Ne4 Rd7 22. Nc3 Rfd8 23. Bf2 Bxa3 24. Rxd7 Rxd7 25. Ne4 Be7 26. c3 Qc6 27. Ng3
Bg6 28. Ne2 e5 29. Qe3 f6 30. Nc1 Qd5 31. Qe2 h6 32. g3 Be8 33. Qe4 Qb5 34. Qc2
Bf7 35. Kg2 Bd5 36. Bg1 Qc6 37. Qe2 g5 38. h3 Bd8 39. g4 e4 40. fxe4 Re7 41.
Kf3 Rxe4 42. Qxe4 Bxe4+ 43. Rxe4 Kf7 44. Bd4 Bc7 45. Nd3 Qd6 46. Re3 Qh2 47.
Ke4 Bf4 48. Rf3 Qe2+ 49. Be3 Bd6 50. Rf2 Qd1 51. Bd4 Qh1+ 52. Rf3 Be7 53. b4
Ke6 54. Ke3 h5 55. Rf5 hxg4 56. hxg4 Qh3+ 57. Rf3 Qxg4 58. Nf2 Qh4 59. Ke2 f5
60. Rh3 Qf4 61. Rh6+ Kd5 62. Nd3 Qe4+ 63. Kd2 g4 0-1

[Event "Ct. Catalunya Veterans"]
[Site "?"]
[Date "2011.05.15"]
[Round "3"]
[White "Bautista Sanchez, J."]
[Black "Monedero Gonzalez, J."]
[Result "1/2-1/2"]
[WhiteElo "2180"]
[BlackElo "2091"]
[PlyCount "102"]
[EventDate "2011.??.??"]
[EventType "swiss"]

1. Nf3 d5 2. c4 c6 3. e3 Nd7 4. Nc3 Ngf6 5. d4 e6 6. Qc2 Bb4 7. Bd3 Qa5 8. O-O
Bxc3 9. bxc3 dxc4 10. Bxc4 O-O 11. Bd3 b6 12. c4 Bb7 13. e4 g6 14. e5 Nh5 15.
a4 c5 16. Bd2 Qa6 17. d5 Rac8 18. a5 exd5 19. axb6 Qxb6 20. Rfb1 Qc6 21. Rxa7
Rb8 22. Ng5 Ba6 23. cxd5 Bxd3 24. dxc6 Bxc2 25. Rc1 Nxe5 26. Rxc2 Rb1+ 27. Rc1
Rxc1+ 28. Bxc1 Nxc6 29. Rc7 Rd8 30. g4 Rd1+ 31. Kg2 Rxc1 32. gxh5 Nd8 33. Rd7
Ne6 34. Nxe6 fxe6 35. h6 Rc4 36. Kg3 Rd4 37. Rg7+ Kh8 38. Rc7 Kg8 39. Rxc5 Rd7
40. Rc8+ Kf7 41. f4 Kf6 42. Kg4 Rf7 43. h4 Ra7 44. Rc5 Rd7 45. Rc8 Ra7 46. Rg8
Rd7 47. h5 gxh5+ 48. Kxh5 Rd5+ 49. Kg4 Rd7 50. Rg5 Ra7 51. Kf3 Ra3+ 1/2-1/2

[Event "Ct. Catalunya Veterans"]
[Site "?"]
[Date "2011.05.15"]
[Round "3"]
[White "Buxade Roca, G."]
[Black "Duran Vallverdu, J."]
[Result "1-0"]
[WhiteElo "2173"]
[BlackElo "1984"]
[PlyCount "95"]
[EventDate "2011.??.??"]
[EventType "swiss"]

1. c4 Nf6 2. g3 g6 3. Nc3 Bg7 4. Bg2 c6 5. e4 e5 6. Nge2 O-O 7. O-O d6 8. d3
Be6 9. h3 d5 10. exd5 cxd5 11. Kh2 Nc6 12. b3 d4 13. Nb1 Qd7 14. Bg5 h6 15.
Bxf6 Bxf6 16. Nd2 Bf5 17. Ne4 Bxe4 18. Bxe4 Ne7 19. b4 Bg7 20. Bg2 Rad8 21. c5
f5 22. Rc1 f4 23. Be4 Nf5 24. g4 Nh4 25. f3 Bf6 26. Qb3+ Kg7 27. b5 Rb8 28. Rc2
h5 29. Rg1 hxg4 30. Rxg4 Rh8 31. Ng1 Rh6 32. c6 bxc6 33. Rxc6 Rbh8 34. Qc4 Bd8
35. Qc5 Re8 36. a4 Bb6 37. Qb4 Nf5 38. Bxf5 Qxf5 39. Qd6 Rf8 40. Qa3 Ba5 41.
Ra6 Be1 42. Rxa7+ Rf7 43. Rxf7+ Kxf7 44. Qb3+ Kf6 45. b6 Qc8 46. b7 Qb8 47.
Qb6+ Kf5 48. Qc6 1-0

[Event "Ct. Catalunya Veterans"]
[Site "?"]
[Date "2011.05.15"]
[Round "3"]
[White "Capelles Prat, R."]
[Black "Simon Padros, E."]
[Result "0-1"]
[WhiteElo "1983"]
[BlackElo "2281"]
[PlyCount "52"]
[EventDate "2011.??.??"]
[EventType "swiss"]

1. d4 e6 2. c4 f5 3. g3 Nf6 4. Nf3 d5 5. Nc3 c6 6. cxd5 exd5 7. Bg5 Bd6 8. e3
O-O 9. Qc2 h6 10. Bxf6 Qxf6 11. Bg2 Na6 12. a3 Nc7 13. O-O Kh8 14. Nd2 Bd7 15.
Ne2 Rae8 16. Qd3 g5 17. f3 c5 18. a4 c4 19. Qc3 Qe7 20. e4 f4 21. e5 Bb4 22.
Qc1 Qh7 23. g4 Qd3 24. Rd1 Qxe2 25. Bf1 Qe3+ 26. Kg2 Bxd2 0-1

[Event "Ct. Catalunya Veterans"]
[Site "?"]
[Date "2011.05.15"]
[Round "3"]
[White "Dominguez Rueda, J."]
[Black "Cornudella Felip, J."]
[Result "1-0"]
[WhiteElo "2120"]
[BlackElo "1914"]
[PlyCount "55"]
[EventDate "2011.??.??"]
[EventType "swiss"]

1. e4 e5 2. Nf3 Nc6 3. Bc4 Bc5 4. d3 Nf6 5. O-O d6 6. c3 Be6 7. Bb5 O-O 8. d4
exd4 9. cxd4 Bb6 10. d5 a6 11. Ba4 Ng4 12. dxc6 Bc4 13. cxb7 Rb8 14. Bg5 f6 15.
Bb3 fxg5 16. Bxc4+ Kh8 17. h3 Nxf2 18. Rxf2 Qf6 19. Nc3 c6 20. Bxa6 h5 21. e5
dxe5 22. Ne4 Bxf2+ 23. Nxf2 Qf4 24. Qd2 g4 25. hxg4 hxg4 26. Qxf4 Rxf4 27. Nxe5
g6 28. Nxg6+ 1-0

[Event "Ct. Catalunya Veterans"]
[Site "?"]
[Date "2011.05.15"]
[Round "3"]
[White "Franquet Escriva, J."]
[Black "Badia Torra, J."]
[Result "1-0"]
[WhiteElo "2109"]
[BlackElo "1935"]
[PlyCount "41"]
[EventDate "2011.??.??"]
[EventType "swiss"]

1. e4 c5 2. Nf3 d6 3. Bb5+ Bd7 4. Bxd7+ Qxd7 5. O-O Nc6 6. c3 Nf6 7. Re1 g6 8.
d4 cxd4 9. cxd4 Bg7 10. Nc3 O-O 11. Bg5 e6 12. Qd2 Ne8 13. Bh6 Rd8 14. Bxg7
Kxg7 15. Rad1 a6 16. d5 Ne7 17. dxe6 fxe6 18. Qd4+ Kg8 19. Qc4 Kg7 20. Ng5 Nc7
21. Qxc7 1-0

[Event "Ct. Catalunya Veterans"]
[Site "?"]
[Date "2011.05.15"]
[Round "3"]
[White "Garriga Nualart, J."]
[Black "Sanchez Esteban, E."]
[Result "1/2-1/2"]
[WhiteElo "2329"]
[BlackElo "1922"]
[PlyCount "26"]
[EventDate "2011.??.??"]
[EventType "swiss"]

1. c4 Nf6 2. Nc3 e6 3. e4 d6 4. d4 Nc6 5. f4 e5 6. d5 Nd4 7. Be3 Bg4 8. Qd2 c5
9. dxc6 Nxc6 10. f5 Nxe4 11. Nxe4 Bxf5 12. Bd3 Bxe4 13. Bg5 Be7 1/2-1/2

[Event "Ct. Catalunya Veterans"]
[Site "?"]
[Date "2011.05.15"]
[Round "3"]
[White "Grau Brumos, I."]
[Black "Montell Zabay, A."]
[Result "1-0"]
[WhiteElo "2149"]
[BlackElo "2074"]
[PlyCount "63"]
[EventDate "2011.??.??"]
[EventType "swiss"]

1. e4 e5 2. Nf3 Nc6 3. Bb5 a6 4. Ba4 Nf6 5. O-O Be7 6. Qe2 b5 7. Bb3 d6 8. c3
O-O 9. d4 Bg4 10. Rd1 Qc8 11. h3 Bxf3 12. Qxf3 Na5 13. dxe5 dxe5 14. Bc2 c5 15.
Nd2 Rd8 16. Nf1 Rxd1 17. Bxd1 Qc6 18. Bc2 Nc4 19. b3 Nd6 20. Bg5 c4 21. Ng3
Nde8 22. Nf5 Bf8 23. Qg3 g6 24. Nh6+ Bxh6 25. Bxh6 Qe6 26. bxc4 Nh5 27. Qg4
bxc4 28. Rb1 Qc6 29. Be3 Nhf6 30. Qg5 Nd7 31. Qe7 Nc7 32. Rd1 1-0

[Event "Ct. Catalunya Veterans"]
[Site "?"]
[Date "2011.05.15"]
[Round "3"]
[White "Tejero Royo, F."]
[Black "Lazaro Porta, A."]
[Result "1/2-1/2"]
[WhiteElo "2101"]
[BlackElo "1980"]
[PlyCount "56"]
[EventDate "2011.??.??"]
[EventType "swiss"]

1. e4 c5 2. c3 d5 3. exd5 Qxd5 4. d4 Nc6 5. Nf3 e6 6. Be3 cxd4 7. cxd4 Nf6 8.
Nc3 Qd6 9. Be2 a6 10. O-O Be7 11. Ng5 Qb4 12. a3 Qa5 13. Bd3 h6 14. Nge4 Nd5
15. Qf3 Nxe3 16. fxe3 O-O 17. b4 Qd8 18. Rad1 Qc7 19. Ne2 f5 20. N4g3 Bd6 21.
e4 Bxg3 22. hxg3 Qe7 23. exf5 exf5 24. Nf4 Qf6 25. Bc4+ Kh7 26. d5 Ne5 27. Qb3
Nxc4 28. Qxc4 Bd7 1/2-1/2

[Event "Ct. Catalunya Veterans"]
[Site "?"]
[Date "2011.05.15"]
[Round "3"]
[White "Vilageliu Ceballos, JM."]
[Black "Anguera Maestro, J."]
[Result "1/2-1/2"]
[WhiteElo "2047"]
[BlackElo "2148"]
[PlyCount "104"]
[EventDate "2011.??.??"]
[EventType "swiss"]

1. c4 g6 2. g3 Bg7 3. Bg2 Nf6 4. Nc3 c6 5. d4 d6 6. Nf3 O-O 7. O-O Be6 8. d5
Bd7 9. Nd4 c5 10. Nc2 Qc8 11. Re1 Bh3 12. Bh1 Nbd7 13. f4 Nb6 14. Qd3 h5 15. e4
h4 16. Bd2 Nh5 17. b3 Nd7 18. Rac1 Ndf6 19. Bg2 Bxg2 20. Kxg2 h3+ 21. Kg1 Ng4
22. Ne3 Bd4 23. Ne2 Bg7 24. Bc3 Nxe3 25. Qxe3 Qg4 26. Rc2 b6 27. Bxg7 Nxg7 28.
Nc3 a6 29. Kf2 Qd7 30. Qd3 Ne8 31. Kg1 Ng7 32. a4 Qg4 33. Rf2 f6 34. Qf3 Qd7
35. g4 Kf7 36. Qxh3 Rh8 37. Qg3 Ke8 38. e5 Kd8 39. Rfe2 f5 40. exd6 exd6 41. g5
Re8 42. Rxe8+ Nxe8 43. Re6 Qf7 44. Qh3 Qg7 45. Ne2 Ra7 46. Qh6 Re7 47. Rxg6
Qa1+ 48. Kf2 Rxe2+ 49. Kxe2 Qb2+ 50. Kf3 Qc3+ 51. Kg2 Qd2+ 52. Kf3 Qd1+ 1/2-1/2

[Event "Ct. Catalunya Veterans"]
[Site "?"]
[Date "2011.05.16"]
[Round "4"]
[White "Anguera Maestro, J."]
[Black "Franquet Escriva, J."]
[Result "1/2-1/2"]
[WhiteElo "2148"]
[BlackElo "2109"]
[PlyCount "72"]
[EventDate "2011.??.??"]
[EventType "swiss"]

1. d4 Nf6 2. Nf3 e6 3. Bf4 b6 4. e3 Bb7 5. Bd3 Be7 6. Nbd2 d5 7. Ne5 O-O 8. O-O
Nbd7 9. Ndf3 Nxe5 10. Nxe5 c5 11. c3 Nd7 12. Bg3 f5 13. Nxd7 Qxd7 14. Be5 Bf6
15. f4 cxd4 16. exd4 Bxe5 17. fxe5 Bc6 18. Qe2 Qe7 19. Rf3 Be8 20. Rh3 Rb8 21.
Rf1 b5 22. a3 a6 23. g4 g6 24. gxf5 gxf5 25. Kh1 Kh8 26. Rg1 Rg8 27. Rhg3 Rxg3
28. Rxg3 Bg6 29. Qf2 Qh4 30. Rf3 Qxf2 31. Rxf2 a5 32. Kg2 Bh5 33. Kf1 Bd1 34.
Ke1 Bb3 35. Kd2 Bc4 36. Bc2 a4 1/2-1/2

[Event "Ct. Catalunya Veterans"]
[Site "?"]
[Date "2011.05.16"]
[Round "4"]
[White "Duran Vallverdu, J."]
[Black "Tejero Royo, F."]
[Result "1/2-1/2"]
[WhiteElo "1984"]
[BlackElo "2101"]
[PlyCount "35"]
[EventDate "2011.??.??"]
[EventType "swiss"]

1. e4 e5 2. Nf3 Nc6 3. Bb5 a6 4. Ba4 d6 5. c3 g6 6. d4 Bd7 7. O-O Bg7 8. dxe5
Nxe5 9. Nxe5 Bxe5 10. Bxd7+ Qxd7 11. Re1 O-O-O 12. Nd2 Ne7 13. Nc4 Bg7 14. Be3
Nc6 15. Qb3 Rde8 16. Rad1 Re6 17. Bf4 Qe7 18. f3 1/2-1/2

[Event "Ct. Catalunya Veterans"]
[Site "?"]
[Date "2011.05.16"]
[Round "4"]
[White "Espau Guillem, J."]
[Black "Batalla Batalla, J."]
[Result "1/2-1/2"]
[WhiteElo "1996"]
[BlackElo "2111"]
[PlyCount "38"]
[EventDate "2011.??.??"]
[EventType "swiss"]

1. e4 c5 2. Nf3 Nc6 3. d4 cxd4 4. Nxd4 Nf6 5. Nc3 e5 6. Ndb5 d6 7. a4 a6 8. Na3
Be6 9. Be3 Be7 10. Bc4 O-O 11. Qd2 Rc8 12. O-O Ng4 13. Nd5 Nxe3 14. Nxe3 Nd4
15. Rad1 Bg5 16. Qd3 Bf4 17. Nd5 Bxd5 18. Bxd5 Qc7 19. c3 Nc6 1/2-1/2

[Event "Ct. Catalunya Veterans"]
[Site "?"]
[Date "2011.05.16"]
[Round "4"]
[White "Lazaro Porta, A."]
[Black "Montell Zabay, A."]
[Result "1/2-1/2"]
[WhiteElo "1980"]
[BlackElo "2074"]
[PlyCount "31"]
[EventDate "2011.??.??"]
[EventType "swiss"]

1. Nf3 Nf6 2. c4 g6 3. Nc3 Bg7 4. e4 d6 5. d4 O-O 6. Be2 c5 7. O-O Na6 8. Kh1
b6 9. d5 e6 10. Bg5 e5 11. Qd2 Nc7 12. Ne1 a6 13. a4 Rb8 14. f3 Bd7 15. Nc2 b5
16. b3 1/2-1/2

[Event "Ct. Catalunya Veterans"]
[Site "?"]
[Date "2011.05.16"]
[Round "4"]
[White "Mas Recorda, P."]
[Black "Lluverol Torrents, S."]
[Result "1/2-1/2"]
[WhiteElo "2074"]
[BlackElo "2025"]
[PlyCount "100"]
[EventDate "2011.??.??"]
[EventType "swiss"]

1. d4 d5 2. c4 dxc4 3. e3 Be6 4. Na3 c5 5. Bxc4 Bxc4 6. Nxc4 e6 7. Nf3 Nf6 8.
O-O Nbd7 9. Qa4 a6 10. dxc5 Bxc5 11. Nce5 b5 12. Qh4 Nxe5 13. Nxe5 O-O 14. b4
Be7 15. Bb2 Nd7 16. Qg3 Nxe5 17. Bxe5 f6 18. Rfd1 Qe8 19. Bd6 e5 20. Qf3 Qf7
21. Qd5 Qxd5 22. Rxd5 Bxd6 23. Rxd6 Rfd8 24. Rad1 Rxd6 25. Rxd6 a5 26. bxa5
Rxa5 27. Rd2 Kf7 28. Kf1 Ke6 29. Ke2 Ra3 30. e4 Rc3 31. Rb2 h5 32. Kd2 Rc5 33.
Rb4 g6 34. a4 bxa4 35. Rxa4 Rc6 36. g3 Rb6 37. h4 Rb2+ 38. Ke3 Rb3+ 39. Ke2
Rb2+ 40. Kf3 Rb3+ 41. Kg2 Rb6 42. Kh3 f5 43. exf5+ Kxf5 44. Ra5 Kf6 45. Kg2 Rc6
46. Ra8 Rb6 47. Rf8+ Ke7 48. Rc8 Kf6 49. Kf3 Rb2 50. Ke4 Rb4+ 1/2-1/2

[Event "Ct. Catalunya Veterans"]
[Site "?"]
[Date "2011.05.16"]
[Round "4"]
[White "Monedero Gonzalez, J."]
[Black "Buxade Roca, G."]
[Result "1/2-1/2"]
[WhiteElo "2091"]
[BlackElo "2173"]
[PlyCount "53"]
[EventDate "2011.??.??"]
[EventType "swiss"]

1. d4 Nf6 2. Nf3 d5 3. e3 e6 4. Bd3 Bd6 5. b3 Nbd7 6. Bb2 O-O 7. Nbd2 Qe7 8.
Ne5 c5 9. O-O cxd4 10. exd4 Ne8 11. Qe2 g6 12. Rae1 b6 13. Ndf3 Nxe5 14. dxe5
Ba3 15. Bd4 Bc5 16. c3 a5 17. Nd2 Ng7 18. f4 a4 19. Nf3 Bd7 20. b4 Bxd4+ 21.
Nxd4 Rfc8 22. Rc1 Rc7 23. Qb2 Rac8 24. Ba6 Ra8 25. Bd3 Rac8 26. Ba6 Ra8 27. Bd3
1/2-1/2

[Event "Ct. Catalunya Veterans"]
[Site "?"]
[Date "2011.05.16"]
[Round "4"]
[White "Navarro Alvarez, A."]
[Black "Vilageliu Ceballos, JM."]
[Result "0-1"]
[WhiteElo "2049"]
[BlackElo "2047"]
[PlyCount "107"]
[EventDate "2011.??.??"]
[EventType "swiss"]

1. e4 c5 2. Nf3 Nc6 3. d4 cxd4 4. Nxd4 g6 5. Be3 Bg7 6. Be2 Nf6 7. f3 O-O 8.
Nc3 d5 9. exd5 Nxd5 10. Nxd5 Qxd5 11. Nxc6 Qxc6 12. Qc1 Bf5 13. c3 Rfd8 14. O-O
a5 15. a4 Bd3 16. Bxd3 Rxd3 17. Rd1 Rad8 18. Rxd3 Rxd3 19. Kf2 Qc4 20. Qc2 Rxe3
21. Kxe3 Bd4+ 22. Kd2 Bf6 23. Qe4 Qb3 24. Rb1 e5 25. g3 Bg5+ 26. f4 exf4 27.
gxf4 Bf6 28. Qe8+ Kg7 29. Qb5 Qe6 30. Rf1 b6 31. Rf2 h5 32. Re2 Qd6+ 33. Kc2
Qxf4 34. Qxb6 Qxa4+ 35. Qb3 Qa1 36. Rd2 Qe1 37. Qc4 g5 38. Rd7 Qf2+ 39. Kb3 Be5
40. Qd5 Qf6 41. h3 g4 42. hxg4 hxg4 43. Rb7 g3 44. Ka4 Kg6 45. Kxa5 Qf5 46. Rb5
Bc7+ 47. Ka6 Qxd5 48. Rxd5 f5 49. b4 g2 50. Rd1 f4 51. b5 f3 52. b6 Bg3 53. Rg1
f2 54. Rxg2 0-1

[Event "Ct. Catalunya Veterans"]
[Site "?"]
[Date "2011.05.16"]
[Round "4"]
[White "Sanz Bastos, F."]
[Black "Dominguez Rueda, J."]
[Result "1/2-1/2"]
[WhiteElo "2072"]
[BlackElo "2120"]
[PlyCount "30"]
[EventDate "2011.??.??"]
[EventType "swiss"]

1. e4 c6 2. d4 d5 3. Nc3 dxe4 4. Nxe4 Bf5 5. Ng3 Bg6 6. h4 h6 7. Nf3 Nd7 8. h5
Bh7 9. Bd3 Bxd3 10. Qxd3 Ngf6 11. Bf4 Nd5 12. Bd2 Qc7 13. Rh4 e6 14. c4 N5f6
15. O-O-O O-O-O 1/2-1/2

[Event "Ct. Catalunya Veterans"]
[Site "?"]
[Date "2011.05.16"]
[Round "4"]
[White "Simon Padros, E."]
[Black "Bautista Sanchez, J."]
[Result "1-0"]
[WhiteElo "2281"]
[BlackElo "2180"]
[PlyCount "129"]
[EventDate "2011.??.??"]
[EventType "swiss"]

1. e4 c6 2. d4 d5 3. e5 Bf5 4. Nc3 e6 5. g4 Bg6 6. Nge2 c5 7. h4 cxd4 8. Nxd4
h5 9. Bb5+ Nd7 10. f4 Ne7 11. f5 exf5 12. e6 fxe6 13. Nxe6 Qa5 14. Bd2 Qb6 15.
Qe2 fxg4 16. Na4 Qd6 17. Nac5 Nc6 18. Bf4 Qe7 19. Nxb7 Qb4+ 20. c3 Qe4 21. Nc7+
Kf7 22. Qxe4 Bxe4 23. Bxc6 Bxh1 24. Nxa8 Nf6 25. Nc7 Bf3 26. Nd8+ Kg6 27. Nde6
Be7 28. Ng5 Kf5 29. Be3 Bd6 30. Nce6 Bg3+ 31. Kf1 Bxh4 32. Nd4+ Kg6 33. Ngxf3
gxf3 34. Nxf3 Bg3 35. Kg2 h4 36. Bd4 Kf5 37. Bxf6 Kxf6 38. Bxd5 Re8 39. Bc4 g5
40. Rf1 Bf4 41. Re1 Rxe1 42. Nxe1 g4 43. Bd5 h3+ 44. Kh1 Bc7 45. Nd3 Kf5 46.
Bb7 g3 47. Bc8+ Ke4 48. Nc5+ Kd5 49. Na4 h2 50. Kg2 Ke4 51. Nc5+ Ke3 52. Bf5
Bd6 53. Nb3 Bc7 54. c4 Be5 55. c5 Bxb2 56. c6 Be5 57. Nc5 Kd4 58. Ne6+ Kc3 59.
c7 Bxc7 60. Nxc7 a5 61. a4 Kb4 62. Bd7 Kc5 63. Bb5 Kd6 64. Ne8+ Ke7 65. Ng7 1-0

[Event "Ct. Catalunya Veterans"]
[Site "?"]
[Date "2011.05.17"]
[Round "5"]
[White "Batalla Batalla, J."]
[Black "Lazaro Porta, A."]
[Result "1-0"]
[WhiteElo "2111"]
[BlackElo "1980"]
[PlyCount "65"]
[EventDate "2011.??.??"]
[EventType "swiss"]

1. e4 e5 2. Nf3 Nf6 3. d4 Nxe4 4. Bd3 d5 5. Nxe5 Nd7 6. Nxd7 Bxd7 7. Nc3 Bb4 8.
O-O Nxc3 9. bxc3 Bxc3 10. Rb1 O-O 11. Rxb7 Ba5 12. Rb3 Qh4 13. Be2 Rfe8 14. Rg3
Re4 15. Bg5 Bg4 16. Rxg4 Rxg4 17. Bxh4 Rxh4 18. Qd3 Bb6 19. c3 c6 20. Bf3 Bc7
21. g3 Rh6 22. Re1 Bd6 23. c4 Rd8 24. c5 Bf8 25. Re5 Rf6 26. Bg2 Rb8 27. Qe2 g6
28. Re8 Rxe8 29. Qxe8 Re6 30. Qa8 Re1+ 31. Bf1 Rd1 32. Qxc6 Rxd4 33. Qe8 1-0

[Event "Ct. Catalunya Veterans"]
[Site "?"]
[Date "2011.05.17"]
[Round "5"]
[White "Bautista Sanchez, J."]
[Black "Sanz Bastos, F."]
[Result "1-0"]
[WhiteElo "2180"]
[BlackElo "2072"]
[PlyCount "53"]
[EventDate "2011.??.??"]
[EventType "swiss"]

1. Nf3 Nf6 2. c4 e6 3. Nc3 d5 4. e3 c6 5. d4 Bd6 6. Qc2 Nbd7 7. Be2 O-O 8. O-O
e5 9. cxd5 cxd5 10. dxe5 Nxe5 11. Nb5 Nxf3+ 12. Bxf3 Bb8 13. Rd1 a6 14. Nc3 Qc7
15. g3 Be6 16. Qd3 Rd8 17. Nxd5 Rxd5 18. Bxd5 Bxd5 19. e4 Bc6 20. Qd8+ Qxd8 21.
Rxd8+ Ne8 22. Bf4 Bxf4 23. Rxa8 Be5 24. Rc1 Kf8 25. b3 Bxe4 26. Re1 f5 27. f3
1-0

[Event "Ct. Catalunya Veterans"]
[Site "?"]
[Date "2011.05.17"]
[Round "5"]
[White "Dominguez Rueda, J."]
[Black "Espau Guillem, J."]
[Result "1-0"]
[WhiteElo "2120"]
[BlackElo "1996"]
[PlyCount "31"]
[EventDate "2011.??.??"]
[EventType "swiss"]

1. e4 c5 2. c3 d5 3. exd5 Qxd5 4. d4 Nf6 5. Nf3 Bg4 6. Be2 e6 7. Be3 Nbd7 8.
O-O Bd6 9. h3 h5 10. dxc5 Nxc5 11. Qxd5 exd5 12. Bxc5 Bxf3 13. Bb5+ Ke7 14.
Bxd6+ Kxd6 15. gxf3 a6 16. Bd3 1-0

[Event "Ct. Catalunya Veterans"]
[Site "?"]
[Date "2011.05.17"]
[Round "5"]
[White "Franquet Escriva, J."]
[Black "Buxade Roca, G."]
[Result "1/2-1/2"]
[WhiteElo "2109"]
[BlackElo "2173"]
[PlyCount "61"]
[EventDate "2011.??.??"]
[EventType "swiss"]

1. e4 c5 2. Nf3 Nc6 3. Bb5 Nf6 4. Nc3 Qc7 5. O-O Nd4 6. Re1 a6 7. Bf1 d6 8. h3
e5 9. Bc4 Be6 10. Bxe6 fxe6 11. d3 Rc8 12. Be3 Be7 13. Nb1 Nxf3+ 14. Qxf3 O-O
15. Qe2 c4 16. Nc3 b5 17. a3 Qb7 18. f3 Nh5 19. d4 exd4 20. Bxd4 Nf4 21. Qf2
Rf7 22. Ne2 Ng6 23. Qf1 Rcf8 24. Bf2 Bf6 25. Bd4 Bh4 26. Bf2 Bxf2+ 27. Qxf2 Qe7
28. Qe3 Ne5 29. Nd4 Nd7 30. Rad1 Nc5 31. Rd2 1/2-1/2

[Event "Ct. Catalunya Veterans"]
[Site "?"]
[Date "2011.05.17"]
[Round "5"]
[White "Grau Brumos, I."]
[Black "Garriga Nualart, J."]
[Result "0-1"]
[WhiteElo "2149"]
[BlackElo "2329"]
[PlyCount "58"]
[EventDate "2011.??.??"]
[EventType "swiss"]

1. d4 Nf6 2. Nf3 g6 3. c3 Bg7 4. Bf4 Nh5 5. Be5 f6 6. g4 fxe5 7. gxh5 e4 8. Ng5
d5 9. hxg6 hxg6 10. f4 exf3 11. Nxf3 Qd6 12. e3 Nc6 13. Na3 Bg4 14. Rg1 Qe6 15.
Qe2 Bh6 16. Rg3 O-O-O 17. Nc2 Rdf8 18. Bg2 Bf5 19. Kd2 Qd6 20. Rd1 e5 21. dxe5
Nxe5 22. Nxe5 Qxe5 23. Nd4 Re8 24. Nxf5 gxf5 25. Kc2 c6 26. Bh3 Kb8 27. Rf3
Bxe3 28. Rd3 f4 29. c4 dxc4 0-1

[Event "Ct. Catalunya Veterans"]
[Site "?"]
[Date "2011.05.17"]
[Round "5"]
[White "Lluverol Torrents, S."]
[Black "Anguera Maestro, J."]
[Result "1/2-1/2"]
[WhiteElo "2025"]
[BlackElo "2148"]
[PlyCount "116"]
[EventDate "2011.??.??"]
[EventType "swiss"]

1. d4 Nf6 2. c4 c6 3. Nc3 d6 4. e4 g6 5. f3 Bg7 6. Be3 O-O 7. Qd2 Qa5 8. Bd3 e5
9. d5 Nh5 10. Nge2 Nd7 11. O-O Nc5 12. Bc2 cxd5 13. Nxd5 Qxd2 14. Bxd2 Be6 15.
Rab1 Bxd5 16. cxd5 Rfc8 17. b4 Nd7 18. Bb3 Kf8 19. Rbc1 Ke7 20. g4 Nhf6 21. Kf2
Ne8 22. Rxc8 Rxc8 23. Rc1 Rxc1 24. Bxc1 Nc7 25. Nc3 Kd8 26. Be3 b6 27. Ba4 Bf8
28. Nb5 Nxb5 29. Bxb5 Be7 30. Ke2 Kc7 31. Kd3 Bh4 32. Kc4 Nb8 33. Be8 f6 34.
Ba4 g5 35. Bd1 Be1 36. a3 Kb7 37. Ba4 Na6 38. Bd1 Nc7 39. Ba4 Na6 40. Bd1 Nb8
41. Ba4 a6 42. Kd3 b5 43. Bd1 Nd7 44. Bc2 Nf8 45. Bd1 Ng6 46. Be2 Nh4 47. Bd1
Ng2 48. Bc1 a5 49. bxa5 Bxa5 50. a4 bxa4 51. Bxa4 Bb6 52. Kc4 Bc5 53. Bd2 Ka6
54. Bd1 Kb6 55. Bc2 Bd4 56. Bd1 Ka6 57. Bb3 Bc5 58. Bd1 Kb6 {irreproduible}
1/2-1/2

[Event "Ct. Catalunya Veterans"]
[Site "?"]
[Date "2011.05.17"]
[Round "5"]
[White "Ritter Aguilar, J."]
[Black "Marchador Villalba, J."]
[Result "0-1"]
[WhiteElo "1989"]
[BlackElo "2109"]
[PlyCount "48"]
[EventDate "2011.??.??"]
[EventType "swiss"]

1. c4 c5 2. Nf3 Nc6 3. Nc3 e6 4. e4 a6 5. g3 d6 6. Bg2 Nf6 7. O-O Be7 8. d4
cxd4 9. Nxd4 Qc7 10. Be3 O-O 11. Rc1 Nxd4 12. Bxd4 Rb8 13. Re1 Nd7 14. b3 b6
15. Qe2 Bb7 16. f4 Rbd8 17. Qf2 Bf6 18. Be3 Nc5 19. b4 Nd3 20. Bxb6 Qxc4 21.
Ne2 Qxb4 22. Qe3 Nxc1 23. Nxc1 Rc8 24. Nd3 Qb5 0-1

[Event "Ct. Catalunya Veterans"]
[Site "?"]
[Date "2011.05.17"]
[Round "5"]
[White "Tejero Royo, F."]
[Black "Morales Jodar, R."]
[Result "1/2-1/2"]
[WhiteElo "2101"]
[BlackElo "1839"]
[PlyCount "44"]
[EventDate "2011.??.??"]
[EventType "swiss"]

1. d4 Nf6 2. c4 c6 3. Nc3 d5 4. e3 Nbd7 5. Nf3 Ne4 6. Qc2 Ndf6 7. Bd3 Nxc3 8.
bxc3 e6 9. Ne5 Be7 10. O-O Qc7 11. f4 O-O 12. Rf3 Ne4 13. Bxe4 dxe4 14. Qxe4 f5
15. Qc2 Bd6 16. c5 Be7 17. g4 Bf6 18. gxf5 Bxe5 19. fxe5 Rxf5 20. Rxf5 exf5 21.
Bd2 Qf7 22. Be1 Be6 1/2-1/2

[Event "Ct. Catalunya Veterans"]
[Site "?"]
[Date "2011.05.18"]
[Round "6"]
[White "Anguera Maestro, J."]
[Black "Duch Mansion, J."]
[Result "1-0"]
[WhiteElo "2148"]
[BlackElo "1946"]
[PlyCount "65"]
[EventDate "2011.??.??"]
[EventType "swiss"]

1. d4 d5 2. Nf3 Nf6 3. Bf4 Bf5 4. e3 e6 5. Be2 Bd6 6. Ne5 Bxe5 7. Bxe5 Nbd7 8.
Bf4 O-O 9. g4 Bg6 10. h4 h6 11. h5 Bh7 12. g5 Ne4 13. gxh6 g5 14. hxg6 fxg6 15.
f3 Nef6 16. Bg5 Qe8 17. f4 Ne4 18. Rg1 Nxg5 19. Rxg5 Rf5 20. Nd2 Qf8 21. Bg4
Rf6 22. Qe2 Qxh6 23. O-O-O Kf8 24. Nf3 Ke7 25. Ne5 Nxe5 26. fxe5 Rf7 27. Qb5
Rff8 28. Qc5+ Kf7 29. Qxc7+ Kg8 30. Bxe6+ Kh8 31. Qc3 Bg8 32. Bd7 Bf7 33. e6
1-0